000
00321nam a2200133Ia 4500
100
_a
Koren/yeram/ Ben-uri
942
_c
BK
654
_a
numerical control
245
_a
Numerical control of machine tools
260
_b
Khanna publishers
_a
Delhi
_c
1986
082
_a
621.9023
_b
KOR/BE
300
_a
310
546
_a
ENGLISH
999
_c
19465
_d
19465